Scarface de A à Z - Statistiques

Statistiques générales
  • Ce quiz a été pris 431 fois
  • Le résultat moyen est 8 sur 22
Statistiques - réponses
Lettre Question Réponse % Correct
A Quel est le prénom de Tony Montana ? Antonio
88%
E Avec qui Tony va t-il se marier ? (prénom) Elvira
77%
M Ami de Tony que ce dernier va tuer à cause d'une liaison avec sa soeur. Manny
76%
C Quelle est la nationalité des hommes qui vont démembrer Angel avec une tronçonneuse ? Colombienne
66%
L Capitale du pays d'où vient Tony Montana ? La Havane
53%
S Qui est le bolivien qui devient l'associé de Tony? Sosa
49%
F Quel est le prénom de l'homme pour qui Tony va travailler ? Franck
46%
V Quelle est la couleur de la carte que Tony veut avoir en échange du meurtre de la lettre R ? Verte
46%
N Ville où Tony va tuer Alberto ? New York
44%
D Qui est le réalisateur du Film ? Brian De Palma
43%
T Quelle est la devise (en anglais) de Tony Montana ? "The World is Yours"
41%
K Le lion le plus célèbre du monde qui portait le nom Scarface vivait dans ce pays : Kenya
39%
X Quel limite d'âge le film a t-il évité de justesse aux États-Unis ? X (-18 ans)
29%
R Quelle est la personne que Tony va tuer dans le camp lors de son arrivée aux États-Unis ? Emilio Rebenga
27%
O Qui va être pendu depuis un hélicoptère ? Omar
26%
P Musique du film que l'on entend lorsque les affaires de Tony commencent à marcher. Push It to the Limit
26%
B Comment s'appelle la boite de nuit où Tony Montana se fait tirer dessus ? Babylon Club
25%
I Quel est le métier de Mel Bernstein ? Inspecteur
23%
G Pour quelle cérémonie le film est-il nommé 3 fois ? Golden Globes
18%
H Qui a réalisé le film Scarface en 1931 ? Howard Hawks
6%
Y Acteur qui joue Mel Bernstein. Harris Yulin
1%
J Qui double Tony Montana dans la VF ? Sylvain Joubert
1%
Aucun quiz correspondant
Distribution des résultats
% des personnes avec chaque résultat
Percentile par nombre de réponses
Votre historique - résultats
Vous n’avez pas pris ce quiz